Culture Shock Pakistan : a guide to customs and etiquette (Record no. 326360)
[ view plain ]
| 000 -LEADER | |
|---|---|
| fixed length control field | 00397 a2200145 4500 |
| 001 - CONTROL NUMBER | |
| control field | 91287 |
| 003 - CONTROL NUMBER IDENTIFIER | |
| control field | NUST |
| 082 ## - DEWEY DECIMAL CLASSIFICATION NUMBER | |
| Classification number | 390.095491 MIT |
| 100 ## - MAIN ENTRY--PERSONAL NAME | |
| Personal name | Karin Mittmann & Zafar Ihsan |
| 9 (RLIN) | 9914 |
| 245 ## - TITLE STATEMENT | |
| Title | Culture Shock Pakistan : a guide to customs and etiquette |
| Number of part/section of a work | English |
| 250 ## - EDITION STATEMENT | |
| Edition statement | 238p |
| 260 ## - PUBLICATION, DISTRIBUTION, ETC. | |
| Place of publication, distribution, etc. | Singapore |
| Name of publisher, distributor, etc. | Kuperard |
| Date of publication, distribution, etc. | 2004 |
| 300 ## - PHYSICAL DESCRIPTION | |
| Extent | 239p |
| Other physical details | Pb |
| 500 ## - GENERAL NOTE | |
| General note | General Books |
| 942 ## - ADDED ENTRY ELEMENTS (KOHA) | |
| Institution code [OBSOLETE] | CAE NUST |
| Koha item type | Book |
| Call number prefix | 390.095491 MIT |
| Source of classification or shelving scheme | |
| Withdrawn status | Lost status | Damaged status | Not for loan | Collection code | Permanent Location | Current Location | Date acquired | Total Checkouts | Full call number | Barcode | Date last seen | Price effective from | Koha item type |
|---|---|---|---|---|---|---|---|---|---|---|---|---|---|
| College of Aeronautical Engineering (CAE) | College of Aeronautical Engineering (CAE) | 04/03/2017 | 390.095491 MIT | CAE88060 | 04/05/2017 | 04/05/2017 | Book |
